Maya running/ (Record no. 167880)

MARC details
000 -LEADER
fixed length control field 00539nam a22001937a 4500
005 - DATE AND TIME OF LATEST TRANSACTION
control field 20190921163440.0
008 - FIXED-LENGTH DATA ELEMENTS--GENERAL INFORMATION
fixed length control field 190921b ||||| |||| 00| 0 eng d
010 ## - LCCN (DPL NO)
LC control number B-125628
020 ## - INTERNATIONAL STANDARD BOOK NUMBER
International Standard Book Number 9780143334927
Terms of availability 250.00
035 ## - SYSTEM CONTROL NUMBER
System control number B-125628
040 ## - CATALOGING SOURCE
Original cataloging agency dpl
Language of cataloging en
082 ## - DEWEY DECIMAL CLASSIFICATION NUMBER
Classification number N
100 ## - MAIN ENTRY--PERSONAL NAME
Personal name Banerjee, Anjali
245 ## - TITLE STATEMENT
Title Maya running/
Statement of responsibility, etc by Anjali Banerjee
260 ## - PUBLICATION, DISTRIBUTION, ETC. (IMPRINT)
Place of publication, distribution, etc New Delhi
Name of publisher, distributor, etc Puffin Books
Date of publication, distribution, etc 2005
270 ## - ADDRESS
Address 11, Community Centre, Panchsheel Park,
City New Delhi
Postal code 110017
300 ## - PHYSICAL DESCRIPTION
Extent 192p
Dimensions 20cm(pbk)
942 ## - ADDED ENTRY ELEMENTS (KOHA)
Source of classification or shelving scheme Dewey Decimal Classification
Item type English Books
Classification part N
Call number suffix BAN
Holdings
Withdrawn status Lost status Source of classification or shelving scheme Damaged status Not for loan Collection code Home library Current library Date acquired Source of acquisition Cost, normal purchase price Total Checkouts Full call number Barcode Date last seen Copy number Cost, replacement price Koha item type
    Dewey Decimal Classification     Fiction R.K.Puram-8 R.K.Puram-8 21/09/2019 BPPD/Purchase 250.00 1 N BAN B-215628 02/07/2024 1 250.00 English Books

© Delhi Public Library
Hit Counter
free hit counter